Practical Bookkeeping for Legal Practices in South Africa / (Record no. 109)

MARC details
000 -LEADER
fixed length control field 00539nam a22001697a 4500
005 - DATE AND TIME OF INPUT
control field 20231027095917.0
008 - DATA ELEMENTS--GENERAL INFORMATION
fixed length control field 231027b |||||||| |||| 00| 0 eng d
020 ## - INTERNATIONAL STANDARD BOOK NUMBER
International Standard Book Number 0620151420
041 ## - LANGUAGE CODE
Language code of text English
082 ## - SHELF NUMBER
DDC number 657 FRA
100 ## - MAIN AUTHOR
Main author's name Faris, VJ
Language of a work English
245 ## - TITLE STATEMENT
Title Practical Bookkeeping for Legal Practices in South Africa /
Statement of responsibility, etc. VJ Faris
260 ## - PUBLICATION, DISTRIBUTION, ETC.
Place of publication, distribution, etc. Pinetown :
Name of publisher, distributor, etc. Continuing Legal Education Section,
Date of publication, distribution, etc. 1990
300 ## - PHYSICAL DESCRIPTION
Other physical details xi, 257 pages ;
Dimensions 26 cm.
650 ## - SUBJECT`
Broad subject Legal practice
Own subject terms Law
942 ## - ADDED ENTRY ELEMENTS (KOHA)
Item type Books
942 ## - ADDED ENTRY ELEMENTS (KOHA)
-- ALISON_BN_VRIES
Holdings
Source of classification or shelving scheme Not for loan Collection code Home library Current library Shelving location Date acquired Full call number Barcode Price effective from Koha item type
Dewey Decimal Classification   TEXT BOOKS LAW SOCIETY OF NAMIBIA LIBRARY - WINDHOEK LAW SOCIETY OF NAMIBIA LIBRARY - WINDHOEK Accounting law 10/27/2023 657 FAR LSN/1997/30 10/27/2023 Books
Dewey Decimal Classification   TEXT BOOKS LAW SOCIETY OF NAMIBIA LIBRARY - WINDHOEK LAW SOCIETY OF NAMIBIA LIBRARY - WINDHOEK Accounting law 10/27/2023 651 FAR LSN/1992/16 10/27/2023 Books